000 00814nam a2200229Ia 4500
999 _c37525
_d37525
001 3489
003 GE_BSU
005 20190528194245.0
008 181216s1964||||ge |||||||||||||| ||geo||
040 _cGE_BSU
041 _ageo
080 _a547(076.5) გ-51
100 _aგიოშვილი, ვ
_9982
245 _aორგანული ქიმიის პრაქტიკუმი : სახელმძღვ. /
_cვ. გიოშვილი ; ლ. წულუკიძე.
264 _aთბილისი :
_bცოდნა,
_c1964.
300 _a146 გვ .:
_c22 სმ.
504 _aიბლიოგრ.:გვ. 147.
653 _aორგანული ქიმია
653 _aქიმია
700 _aწულუკიძე, ლ
_91778
942 _cBK
_2udc